Catàleg del Col·legi de Periodistes de Catalunya

The press and foreign policy (Registre núm. 3603)

000 -CABECERA
Longitud fija campo de control 00622nam a2200205 a 4500
001 - NÚMERO DE CONTROL
Número de control 3603
003 - IDENTIFICADOR DEL NÚMERO DE CONTROL
Identificador del número de control CDMR
005 - FECHA Y HORA DE LA ÚLTIMA TRANSACCIÓN
Fecha y hora de la última transacción 20151022134202.0
008 - CÓDIGOS DE INFORMACIÓN DE LONGITUD FIJA
Códigos de información de longitud fija 130130s1963||||||||||||||||||||||||||||d
040 ## - FUENTE DE LA CATALOGACIÓN
Centro catalogador de origen CDMR
Lengua de catalogación cat
Centro transcriptor CDMR
100 1# - PUNTO DE ACCESO PRINCIPAL-NOMBRE DE PERSONA
Nombre de persona Cohen, Bernard C.
9 (RLIN) 2570
245 14 - MENCIÓN DE TÍTULO
Título The press and foreign policy
Mención de responsabilidad, etc. Bernard C. cohen
260 ## - PUBLICACIÓN, DISTRIBUCIÓN, ETC. (PIE DE IMPRENTA)
Lugar de publicación, distribución, etc. Princeton
Fecha de publicación, distribución, etc. 1963
Nombre del editor, distribuidor, etc. Princeton University Press
300 ## - DESCRIPCIÓN FÍSICA
Extensión 288 p.
490 0# - MENCIÓN DE SERIE
Mención de serie Books from the Center of International Studies
650 04 - PUNTO DE ACCESO ADICIONAL DE MATERIA - TÉRMINO DE MATERIA
9 (RLIN) 4228
Término de materia o nombre geográfico como elemento inicial Estats Units d'Amèrica
Subdivisión de materia general Política i govern
650 04 - PUNTO DE ACCESO ADICIONAL DE MATERIA - TÉRMINO DE MATERIA
9 (RLIN) 3470
Término de materia o nombre geográfico como elemento inicial Premsa i política
650 04 - PUNTO DE ACCESO ADICIONAL DE MATERIA - TÉRMINO DE MATERIA
9 (RLIN) 3994
Término de materia o nombre geográfico como elemento inicial Política mundial
942 ## - ENTRADA DE ELEMENTOS AGREGADOS (KOHA)
Koha [por defecto] tipo de item Monografies
Fuente de clasificaión o esquema
Fons
Suprimido Perdido Estropeado No para préstamo Localización permanente Localización actual Fecha adquisición Signatura completa Código de barras Fecha última consulta Fecha del precio de reemplazo Tipo de item de Koha
        Centre de Documentació Montserrat Roig Centre de Documentació Montserrat Roig 2013-01-16 Dg /13 CDMR13097426 2013-09-27 2013-09-27 Monografies

Implantat amb Koha